Christmas Must Be Something More - Taylor Swift (All Lyrics) - Statistics

General Stats
  • This quiz has been taken 7 times
  • The average score is 150 of 301
Answer Stats
Lyrics % Correct
a
100%
all
100%
All
100%
do?
100%
for
100%
me,
100%
the
100%
to
100%
an
75%
and
75%
And
75%
be
75%
Christ
75%
Christmas
75%
I
75%
if
75%
in
75%
is
75%
Is
75%
it
75%
It
75%
It's
75%
it's
75%
Jesus
75%
more
75%
must
75%
never
75%
not
75%
on
75%
see
75%
So
75%
so
75%
something
75%
Something
75%
that
75%
there
75%
this
75%
up
75%
we
75%
We
75%
who
75%
you
75%
away?
50%
But
50%
did
50%
didn't
50%
know
50%
of
50%
our
50%
should
50%
There's
50%
they
50%
time
50%
try
50%
went
50%
What
50%
what
50%
Would
50%
would
50%
year
50%
your
50%
always
25%
angels
25%
day
25%
find?
25%
get
25%
gotta
25%
happen
25%
kiss
25%
last
25%
let
25%
mistletoe?
25%
presents
25%
put
25%
snow?
25%
Tell
25%
Then
25%
think
25%
told
25%
You'd
25%
attention
0%
birthday
0%
bows
0%
box?
0%
boy
0%
Business
0%
came
0%
cardboard
0%
carols
0%
caught
0%
door
0%
everybody's
0%
five
0%
forgot
0%
God
0%
golden
0%
happiness
0%
here
0%
here's
0%
holds
0%
holy,
0%
hour
0%
Hundred
0%
ignore
0%
lie?
0%
lives
0%
mean
0%
mile
0%
mind
0%
pay
0%
relationships
0%
ribbons
0%
rings?
0%
saved
0%
seems
0%
song
0%
special
0%
still
0%
superficial
0%
sure
0%
survive
0%
thing?
0%
thing
0%
things
0%
today
0%
wanna
0%
wished
0%
without
0%
wreath
0%
No matching quizzes found
Score Distribution
Percent of People with Each Score
Percentile by Number Answered
Your Score History
You have not taken this quiz